| 000 | 00648nam a2200241Ia 4500 | ||
|---|---|---|---|
| 008 | 160803s9999 xx 000 0 und d | ||
| 020 | _a0 439560675 | ||
| 100 | _aBunting, Eve | ||
| 245 | _aWhales passing / | ||
| 245 | _cby Eve Bunting ; illustrated by Lambert Davis. | ||
| 260 | _aNew York : | ||
| 260 | _bScholastic Inc. | ||
| 260 | _c2003 | ||
| 300 | _a[29] unnumbered pages : | ||
| 300 | _bcolor illustrations ; | ||
| 300 | _c30 cm. | ||
| 500 | _aOriginally published: New York : Blue Sky Press, 2003. | ||
| 650 | _aKiller whale -- | ||
| 650 | _aWhales -- | ||
| 650 | _xFiction. | ||
| 650 | _xFiction. | ||
| 700 | _a330 | ||
| 999 |
_c299519 _d299519 |
||